000 00988nam a2200241Ia 4500
003 Ost
005 20260507075404.0
008 260507s9999||||xx |||||||||||||| ||und||
020 _a3264139779
040 _cfsecg
041 _aara
082 _a330
100 _aالغول، رشا
_eمؤلف
245 0 _aدراسات متقدمة في المراجعة :
_bالتقييم الذاتي للرقابة /
_c رشا الغول
260 _aالإسكندرية:
_bمكتبة الوفاء القانونية,
_c2013
300 _a170 صفحة؛
_bإيضاحات ؛
_c25 سم
504 _aالمراجع ص.141؛ كشاف مصطلحات ص.159
520 _aيضم هيكلة التقييم الذاتي للرقابة، التقييم الذاتي لمخاطر الرقابة، الدمج بين csa/crsa/coso ، حالات عملية
653 _aالرقابة
653 _aالمراجعة المالية
653 _aمراجعة الحسابات
942 _cكتاب
999 _c44291
_d44291